[Event "Gleisdorf ch"]
[Site "Gleisdorf"]
[Date "1996.??.??"]
[Round "7"]
[White "Jerey, F."]
[Black "Grohschaedl, E."]
[Result "0-1"]
[WhiteElo "1800"]
[BlackElo "1875"]
[PlyCount "72"]
[EventDate "1996.??.??"]
[EventType "swiss"]
[EventRounds "7"]
[EventCountry "AUT"]
[SourceTitle "EXT 1999"]
[Source "ChessBase"]
[SourceDate "1998.11.16"]
[SourceVersion "1"]
[SourceVersionDate "1998.11.16"]
[SourceQuality "1"]

1. d4 Nf6 2. c4 e5 3. dxe5 Ng4 4. Nf3 Bc5 5. e3 Nc6 6. Be2 0-0 7. 0-0 Ngxe5 8. Nxe5 Nxe5 9. Nc3 Re8 10. Na4 b6 11. Nxc5 bxc5 12. Qd5 Ba6 13. Qxc5 Bb7 14. f4 Ng6 15. Bf3 Bxf3 16. Rxf3 d6 17. Qd5 Nh4 18. Rh3 Nf5 19. Qd3 g6 20. Bd2 Qe7 21. g4 Ng7 22. Kf2 Qe4 23. Qd4 Qxd4 24. exd4 Re4 25. Be3 Rae8 26. Rd1 Ne6 27. Rf3 Ng7 28. b3 f5 29. h3 h5 30. gxh5 Nxh5 31. Rd2 Nf6 32. d5 R4e7 33. Rd3 a6 34. Bd4 Re2+ 35. Kg3 Ne4+ 36. Kh4 Re7 0-1